00354nam a22001337a 4500020001500000082001600015100002400031245003200055260003500087300000900122490005500131650002500186650000900211 a9552307414 a541.394 DIS aDissanayake,Dammika aReaction Kinetics- Unit 111 aColombobOpen Universityc1998 a157p aAdvanced Physical chemistry- Volume IX - CHU 3340 a chemistryakinetics aOUSL